Nestátní aktéři v mezivládních institucích: komparativní analýza WTO, WIPO a Rady OSN pro lidská práva
Definovanie a typológia neštátnych aktérov. Charakteristika možností participácie neštátnych aktérov. Medzivládne a nevládne organizácie. Medzinárodne pôsobiaci národní aktéri. Reálna participácia neštátnych aktérov. Svetová obchodná organizácia. Svetová organizácia duševného vlastníctva.
Uložené v:
| Hlavný autor: | |
|---|---|
| Médium: | Kapitola |
| Jazyk: | Czech |
| Predmet: | |
| Tagy: |
Žiadne tagy, Buďte prvý, kto otaguje tento záznam!
|
MARC
| LEADER | 00000naa a2200000 4500 | ||
|---|---|---|---|
| 001 | 0209939 | ||
| 005 | 20231207100414.5 | ||
| 041 | 0 | |a cze | |
| 044 | |a SK | ||
| 245 | 1 | 0 | |a Nestátní aktéři v mezivládních institucích: komparativní analýza WTO, WIPO a Rady OSN pro lidská práva |c Jaroslava Jebavá |
| 520 | |a Definovanie a typológia neštátnych aktérov. Charakteristika možností participácie neštátnych aktérov. Medzivládne a nevládne organizácie. Medzinárodne pôsobiaci národní aktéri. Reálna participácia neštátnych aktérov. Svetová obchodná organizácia. Svetová organizácia duševného vlastníctva. | ||
| 610 | 2 | 0 | |a analýza komparatívna |
| 610 | 2 | 0 | |a organizácie ekonomické medzinárodné |
| 610 | 2 | 0 | |a organizácie hospodárske |
| 610 | 2 | 0 | |a organizácie medzinárodné |
| 610 | 2 | 0 | |a lobizmus |
| 610 | 2 | 0 | |a Svetová obchodná organizácia |
| 610 | 2 | 0 | |a spolupráca hospodárska medzinárodná |
| 100 | 1 | |a Jebavá, Jaroslava | |